000 00411nam a2200181Ia 4500
001 10834
005 20260306161901.0
008 260306t1986||||xx |||||||||||||| ||spa||
041 _aESP
082 _a974
_bC78
100 _aCortés, Hernán
_eAUT
245 0 _aCartas de la conquista de México
260 _c1986
300 _a
_c20 cm.
650 _aGEN
654 _aCHU
942 _cLIB
_dJUS
_fJUS
_2ddc
_n
999 _c10834
_d10834